[Event "Marburg op-A"]
[Site "Marburg"]
[Date "2023.10.27"]
[Round "2"]
[White "Meffert, Peter"]
[Black "Fink, Wolfgang"]
[Result "1-0"]
[WhiteElo "1878"]
[BlackElo "1755"]
[PlyCount "101"]
[EventDate "2023.10.26"]
[EventType "swiss"]
[EventRounds "7"]
[EventCountry "GER"]
[SourceTitle "CB49_2023"]
[SourceDate "2023.12.06"]
[SourceVersion "1"]
[SourceVersionDate "2023.12.06"]
[SourceQuality "1"]

1. d4 d5 2. Nf3 e6 3. c4 c6 4. Nc3 f5 5. Bg5 Nf6 6. e3 Bd6 7. Bd3 Nbd7 8. cxd5 cxd5 9. 0-0 a6 10. Rc1 0-0 11. Ne2 Qe8 12. Bf4 Qe7 13. Qb3 Ne4 14. Rc2 Rb8 15. Rfc1 Ndf6 16. Bxd6 Qxd6 17. Ne5 Nd7 18. f3 Nef6 19. f4 Qe7 20. Rc7 Qe8 21. Nxd7 Nxd7 22. R1c3 b5 23. Qb4 Qd8 24. b3 Nb6 25. Qc5 Bd7 26. Nc1 Qh4 27. g3 Qh5 28. Be2 Qf7 29. Qd6 Rfc8 30. Nd3 Rd8 31. Ne5 Qe8 32. Kf2 a5 33. a3 b4 34. axb4 Bb5 35. Qe7 Qxe7 36. Rxe7 Nd7 37. Nxd7 Bxd7 38. Rc7 Be8 39. Rxg7+ Kh8 40. Rxh7+ Kg8 41. bxa5 Rxb3 42. Rb7 Ra3 43. a6 Ra8 44. h3 Ra2 45. Kf3 Bc6 46. Ra7 Rb8 47. Rhc7 Be8 48. Rab7 Ra8 49. g4 Kf8 50. a7 Ra1 51. Bb5 1-0

[Event "SVR-op"]
[Site "Heimbach Weis"]
[Date "2017.04.13"]
[Round "5"]
[White "Fink, Wolfgang"]
[Black "Stau, Torsten"]
[Result "1-0"]
[WhiteElo "1653"]
[BlackElo "1780"]
[PlyCount "85"]
[EventDate "2017.04.08"]
[EventType "swiss"]
[EventRounds "7"]
[EventCountry "GER"]
[SourceTitle "EXT 2020"]
[Source "ChessBase"]
[SourceDate "2019.10.17"]
[SourceVersion "1"]
[SourceVersionDate "2019.10.17"]
[SourceQuality "1"]

1. f4 Nf6 2. Nf3 d5 3. e3 c5 4. c3 Nc6 5. d4 cxd4 6. cxd4 a6 7. Bd3 Bg4 8. 0-0 e6 9. a3 Bd6 10. Nbd2 0-0 11. b4 Qc7 12. Bb2 Ne7 13. Rc1 Qd8 14. Qe1 h6 15. Ne5 Bf5 16. Be2 Be4 17. g4 Ng6 18. Qg3 Qe7 19. h4 Nh7 20. Nxe4 Bxe5 21. dxe5 dxe4 22. g5 Rfd8 23. Bd4 hxg5 24. hxg5 Rac8 25. Rc5 Nhf8 26. Rfc1 Rxc5 27. bxc5 Qc7 28. Rb1 Qa5 29. Rxb7 Qxa3 30. Qf2 Qc1+ 31. Kg2 Ra8 32. Qf1 Qc2 33. Qd1 Qxd1 34. Bxd1 Nh4+ 35. Kg3 Nf5+ 36. Kf2 Rd8 37. Rb4 Ne7 38. Bc2 Nc6 39. Ra4 a5 40. Bxe4 Nxd4 41. exd4 Nd7 42. Rxa5 Rc8 43. Ra8 1-0

[Event "SVR-op"]
[Site "Heimbach Weis"]
[Date "2017.04.08"]
[Round "2"]
[White "Fink, Wolfgang"]
[Black "Boder, Jan"]
[Result "1-0"]
[WhiteElo "1653"]
[BlackElo "1177"]
[PlyCount "109"]
[EventDate "2017.04.08"]
[EventType "swiss"]
[EventRounds "7"]
[EventCountry "GER"]
[SourceTitle "EXT 2020"]
[Source "ChessBase"]
[SourceDate "2019.10.17"]
[SourceVersion "1"]
[SourceVersionDate "2019.10.17"]
[SourceQuality "1"]

1. f4 c5 2. Nf3 Nc6 3. e3 g6 4. c3 d6 5. d4 Bf5 6. a3 a5 7. Bb5 Nf6 8. d5 Qb6 9. a4 Bg7 10. dxc6 bxc6 11. Bd3 Bd7 12. 0-0 0-0 13. Nbd2 Nd5 14. Nc4 Qb7 15. e4 Nc7 16. Qc2 d5 17. Nce5 Be6 18. f5 dxe4 19. Bxe4 Bb3 20. Bxc6 Qb6 21. Qf2 Rad8 22. Be3 Na6 23. Bb5 Rd5 24. Nd7 Rxd7 25. Bxd7 Bc4 26. Rfe1 Rd8 27. Bb5 Bxb5 28. axb5 Qxb5 29. fxg6 hxg6 30. Red1 Rb8 31. Rd2 c4 32. Rad1 Bf8 33. Ng5 f6 34. Ne6 Kf7 35. Nxf8 Rxf8 36. Rd8 Rxd8 37. Rxd8 Nc7 38. Qd2 Ne6 39. Rd5 Qa6 40. h3 a4 41. Bc5 Qc6 42. Ba3 g5 43. Rd7 Qb6+ 44. Kh1 Nf4 45. Rxe7+ Kg6 46. Qc2+ Nd3 47. Qe2 Nf2+ 48. Kh2 Qb8+ 49. Kg1 Nxh3+ 50. gxh3 Qg3+ 51. Qg2 Qf4 52. Qe4+ Qxe4 53. Rxe4 f5 54. Rxc4 f4 55. Rxa4 1-0

[Event "Rheinland Pfalz op 8th"]
[Site "Reil an der Mosel"]
[Date "2016.05.28"]
[Round "5"]
[White "Fink, Wolfgang"]
[Black "Petreski, Gligur"]
[Result "1/2-1/2"]
[WhiteElo "1611"]
[BlackElo "1817"]
[PlyCount "118"]
[EventDate "2016.05.26"]
[EventType "swiss"]
[EventRounds "7"]
[EventCountry "GER"]
[SourceTitle "EXT 2018"]
[Source "ChessBase"]
[SourceDate "2017.10.13"]
[SourceVersion "1"]
[SourceVersionDate "2017.10.13"]
[SourceQuality "1"]

1. f4 d5 2. Nf3 g6 3. e3 Bg7 4. d4 Nf6 5. Bd3 0-0 6. Nbd2 Nbd7 7. Qe2 c5 8. c3 Qc7 9. Ne5 b6 10. h3 Nh5 11. Qf2 f5 12. g4 Nxe5 13. dxe5 fxg4 14. hxg4 Bxg4 15. Qh4 Bf5 16. Be2 d4 17. Bxh5 dxe3 18. Bf3 exd2+ 19. Bxd2 Rad8 20. Qxh7+ Kf7 21. Qh2 Qd7 22. Qe2 e6 23. Rd1 Bc2 24. Rc1 Bd3 25. Qg2 Bf5 26. Rh7 Kg8 27. Rh2 Kf7 28. Be4 Rh8 29. Bxf5 exf5 30. Rxh8 Rxh8 31. Rc2 Rh4 32. c4 Qd3 33. Qd5+ Qxd5 34. cxd5 Bxe5 35. fxe5 Re4+ 36. Kd1 Rxe5 37. Bf4 Rxd5+ 38. Rd2 Ke6 39. Ke2 Rxd2+ 40. Kxd2 Kd5 41. Ke3 a6 42. Bg5 b5 43. a3 a5 44. Bd8 a4 45. Be7 Kc4 46. Kf4 Kd5 47. Bf8 Kd4 48. Be7 Kc4 49. Bf8 b4 50. Bd6 bxa3 51. bxa3 Kd4 52. Kg5 c4 53. Kxg6 Ke4 54. Kg5 c3 55. Bf4 Kd5 56. Kxf5 Kd4 57. Ke6 Kc4 58. Ke5 Kb3 59. Kd4 Kxa3 1/2-1/2

[Event "Rheinland Pfalz op 8th"]
[Site "Reil an der Mosel"]
[Date "2016.05.28"]
[Round "6"]
[White "Milanovic, Milan"]
[Black "Fink, Wolfgang"]
[Result "1-0"]
[WhiteElo "1841"]
[BlackElo "1611"]
[PlyCount "79"]
[EventDate "2016.05.26"]
[EventType "swiss"]
[EventRounds "7"]
[EventCountry "GER"]
[SourceTitle "EXT 2018"]
[Source "ChessBase"]
[SourceDate "2017.10.13"]
[SourceVersion "1"]
[SourceVersionDate "2017.10.13"]
[SourceQuality "1"]

1. e4 c5 2. Nf3 Nc6 3. d4 cxd4 4. Nxd4 e6 5. Nc3 Bb4 6. Be3 Nf6 7. f3 d5 8. Nxc6 bxc6 9. e5 Nd7 10. f4 c5 11. Bd2 a6 12. a3 Ba5 13. Na4 Rb8 14. Rb1 0-0 15. b4 cxb4 16. axb4 Bc7 17. Bd3 Qh4+ 18. g3 Qd8 19. Qe2 Ra8 20. 0-0 Bb8 21. Ra1 Ba7+ 22. Kg2 Qc7 23. Ra2 Nb8 24. Rfa1 Bb7 25. h4 Bd4 26. c3 Bb6 27. Kh3 Rc8 28. f5 exf5 29. Bxf5 Re8 30. Bf4 Qd8 31. g4 Nd7 32. Bxd7 Re7 33. Bf5 g6 34. Bd3 Re6 35. Bg5 Qc7 36. Nxb6 Rxe5 37. Bf4 Rxe2 38. Bxc7 Re3+ 39. Bg3 Rae8 40. Bxa6 1-0

[Event "SVR-op"]
[Site "Trier"]
[Date "2016.03.26"]
[Round "7"]
[White "Fink, Wolfgang"]
[Black "Hibberd, Nigel"]
[Result "1-0"]
[WhiteElo "1611"]
[BlackElo "1654"]
[PlyCount "119"]
[EventDate "2016.03.19"]
[EventType "swiss"]
[EventRounds "7"]
[EventCountry "GER"]
[SourceTitle "CBM 171 Extra"]
[Source "ChessBase"]
[SourceDate "2016.04.26"]
[SourceVersion "1"]
[SourceVersionDate "2016.04.26"]
[SourceQuality "1"]

1. f4 b6 2. Nf3 Bb7 3. e3 g6 4. d4 Bg7 5. Bd3 f5 6. Nbd2 Nf6 7. Qe2 Ne4 8. c4 e6 9. 0-0 0-0 10. b3 c5 11. Bb2 d5 12. Rad1 Nd7 13. Ne5 Ndf6 14. Nxe4 Nxe4 15. cxd5 exd5 16. Bxe4 fxe4 17. Ba3 Rc8 18. Rc1 Bxe5 19. fxe5 Rxf1+ 20. Rxf1 Qe7 21. Qf2 Rc6 22. Qd2 Ba6 23. Rc1 Qf7 24. Qf2 Qe6 25. Qf6 Qd7 26. Qf4 Qc8 27. h4 h5 28. dxc5 bxc5 29. Bb2 Qf5 30. g3 Bd3 31. Kh2 c4 32. Bd4 Kf7 33. Qxf5+ gxf5 34. Rc3 a6 35. b4 Ke7 36. a4 Kd7 37. b5 axb5 38. axb5 Rc8 39. Ra3 c3 40. Bxc3 Bxb5 41. Kg1 Rc7 42. Kf2 Ke6 43. Rb3 Rb7 44. Bd4 Bc6 45. Ra3 Rc7 46. Ra6 Kd7 47. Bc5 Rb7 48. Ba3 Rc7 49. Rb6 Rb7 50. e6+ Kc7 51. Rxb7+ Kxb7 52. Bd6 Kc8 53. Ke1 Be8 54. Kd2 Kb7 55. Kc3 Kc6 56. Bf8 Kb5 57. Kd4 Bc6 58. Bd6 Be8 59. Kxd5 Bg6 60. Bf4 1-0

[Event "SVR-op"]
[Site "Trier"]
[Date "2016.03.20"]
[Round "3"]
[White "Fink, Wolfgang"]
[Black "Felten, Maximilian"]
[Result "1/2-1/2"]
[WhiteElo "1611"]
[BlackElo "1242"]
[PlyCount "86"]
[EventDate "2016.03.19"]
[EventType "swiss"]
[EventRounds "7"]
[EventCountry "GER"]
[SourceTitle "CBM 171 Extra"]
[Source "ChessBase"]
[SourceDate "2016.04.26"]
[SourceVersion "1"]
[SourceVersionDate "2016.04.26"]
[SourceQuality "1"]

1. f4 Nf6 2. Nf3 d5 3. e3 Bf5 4. d4 e6 5. Bd3 Bxd3 6. cxd3 c5 7. Nc3 Nc6 8. Qa4 Qd7 9. Ne5 Nxe5 10. fxe5 Qxa4 11. Nxa4 Nd7 12. dxc5 Nxc5 13. Nxc5 Bxc5 14. a3 0-0 15. b4 Bb6 16. 0-0 Rac8 17. d4 Rc2 18. Rf2 Rfc8 19. Rxc2 Rxc2 20. a4 Bd8 21. Kf1 Bg5 22. b5 Rc3 23. Bd2 Rc2 24. Ke2 h6 25. Rc1 Rxc1 26. Bxc1 Kf8 27. Ba3+ Be7 28. Bc5 b6 29. Bxe7+ Kxe7 30. Kf3 g6 31. e4 Kd7 32. h4 Ke7 33. exd5 exd5 34. Kg4 Ke6 35. Kf4 Ke7 36. h5 Ke6 37. g4 g5+ 38. Ke3 Ke7 39. Kd3 Ke6 40. Kc3 Ke7 41. Kb4 Kd7 42. a5 Kc7 43. axb6+ axb6 1/2-1/2

[Event "SVR op"]
[Site "Nickenich"]
[Date "2015.04.02"]
[Round "5"]
[White "Vochtel, Kevin"]
[Black "Fink, Wolfgang"]
[Result "0-1"]
[WhiteElo "983"]
[BlackElo "1639"]
[PlyCount "98"]
[EventDate "2015.03.28"]
[EventType "swiss"]
[EventRounds "7"]
[EventCountry "GER"]
[SourceTitle "EXT 2016"]
[Source "ChessBase"]
[SourceDate "2015.10.08"]
[SourceVersion "1"]
[SourceVersionDate "2015.10.08"]
[SourceQuality "1"]

1. e4 c5 2. Bc4 e6 3. Nc3 g6 4. Nge2 Bg7 5. d4 cxd4 6. Nxd4 Ne7 7. f4 Nbc6 8. Be3 0-0 9. Nxc6 dxc6 10. Qxd8 Rxd8 11. 0-0 b5 12. Bd3 Bb7 13. f5 exf5 14. exf5 Nxf5 15. Bxf5 gxf5 16. Rxf5 b4 17. Na4 Ba6 18. Rb1 Bc4 19. b3 Bd5 20. Nc5 Re8 21. Re1 Re7 22. Bf2 Rae8 23. Rxe7 Rxe7 24. Nd3 a5 25. g4 Re2 26. Nf4 Rxc2 27. Nxd5 cxd5 28. Rxd5 Rc1+ 29. Kg2 Rc2 30. Rxa5 Bd4 31. Rf5 Rxa2 32. Rf4 Bc3 33. Kg3 Be5 34. Be3 Ra3 35. Kf3 Bxf4 36. Kxf4 Rxb3 37. Ke4 Rc3 38. Kd4 Rc8 39. Bd2 b3 40. Bc3 Kg7 41. Kd3+ Kg6 42. h4 h5 43. g5 Kf5 44. Bf6 Rc6 45. Bb2 Kg4 46. Ke4 Kxh4 47. Kf5 Rc5+ 48. Kf4 Rc2 49. Bf6 Kh3 0-1

[Event "SVR-op"]
[Site "Heimbach Weis"]
[Date "2014.04.18"]
[Round "6"]
[White "Goetz, Benjamin"]
[Black "Fink, Wolfgang"]
[Result "0-1"]
[WhiteElo "1551"]
[BlackElo "1619"]
[PlyCount "92"]
[EventDate "2014.04.11"]
[EventType "swiss"]
[EventRounds "7"]
[EventCountry "GER"]
[SourceTitle "CBM 160 Extra"]
[Source "ChessBase"]
[SourceDate "2014.07.01"]
[SourceVersion "1"]
[SourceVersionDate "2014.07.01"]
[SourceQuality "1"]

1. e4 c5 2. Bc4 Nc6 3. c3 Nf6 4. d3 g6 5. Nf3 d6 6. Bf4 e5 7. Bg3 Bg7 8. h3 0-0 9. h4 Bg4 10. Nbd2 a6 11. a4 Qd7 12. a5 Qc7 13. Nb3 Kh8 14. Qc2 Bxf3 15. gxf3 Nh5 16. Qd2 f5 17. f4 Bh6 18. 0-0-0 Nxa5 19. Nxa5 Qxa5 20. Kc2 Nxf4 21. Ra1 Qc7 22. h5 g5 23. exf5 Rxf5 24. Bxf4 Rxf4 25. Bd5 Raf8 26. f3 g4 27. Rhg1 Qg7 28. Qd1 Qc7 29. Rxg4 Rxg4 30. fxg4 Rf2+ 31. Kb1 Qb6 32. b3 c4 33. Bxc4 Rg2 34. d4 Rd2 35. Qe1 Qc6 36. Ra2 Qg2 37. Rxd2 Bxd2 38. Qe2 Qh1+ 39. Kc2 Qc1+ 40. Kd3 Qxc3+ 41. Ke4 Qxd4+ 42. Kf5 d5 43. Bd3 Qf4+ 44. Ke6 e4 45. Bc2 Qh6+ 46. Kxd5 Qc6+ 0-1

[Event "SVR-op"]
[Site "Heimbach Weis"]
[Date "2014.04.17"]
[Round "5"]
[White "Fink, Wolfgang"]
[Black "Vossen, Daniel"]
[Result "0-1"]
[WhiteElo "1619"]
[BlackElo "1816"]
[PlyCount "50"]
[EventDate "2014.04.11"]
[EventType "swiss"]
[EventRounds "7"]
[EventCountry "GER"]
[SourceTitle "CBM 160 Extra"]
[Source "ChessBase"]
[SourceDate "2014.07.01"]
[SourceVersion "1"]
[SourceVersionDate "2014.07.01"]
[SourceQuality "1"]

1. f4 d5 2. Nf3 c5 3. e3 Nf6 4. c3 Bf5 5. d4 e6 6. Bd3 Bxd3 7. Qxd3 a6 8. Nbd2 Nc6 9. 0-0 Bd6 10. Ne5 Qc7 11. Ndf3 0-0-0 12. Nxc6 Qxc6 13. Ne5 Qc7 14. Bd2 Ne4 15. b4 c4 16. Qc2 h5 17. Be1 f6 18. Nf3 g5 19. g3 Rdg8 20. Kh1 h4 21. Kg2 gxf4 22. Qd1 h3+ 23. Kh1 fxg3 24. hxg3 Bxg3 25. Qc2 Bxe1 0-1